000
00296nam a22001337a 4500
020
_a
978-81-291-1591-1
082
_a
823
_b
BON/H
100
_a
BOND, RUSKIN
245
_a
HAUNTED HOUSES
260
_a
DELHI
_b
RUPA & CO
_c
2010
300
_a
234
650
_a
CHILDRENS STORY BOOK
_z
INDIA
942
_c
BK
999
_c
2633
_d
2633